000 00778nam0a22002771 4500
001 RU\NLR\INFOCOMM10\ROSSICA\1000003104
005 20250613190410.0
035 _a(NLR Aleph) 009910105
090 _a10613465
_c10613465
100 _a20030507d1915 |||y0rusy50 ca
101 0 _afre
102 _aRU
105 _ay ||||000ay
200 1 _aEnseignements de la guerre
_fBaye, Baron de
210 _aМосква
_d1915
215 _d
300 _aTiré à part des Archiver Russes LIII-eme année
488 0 _12001#$aArchiver Russes$eLIII-eme année
_tArchiver Russes
700 1 _aBaye, de
_bJ.
_4070
801 1 _aRU
_bInfoComm
_c20030507
801 0 _aRU
_bNLR
_gPSBO
852 _aNLR
_j30.2.9.504
942 _cBOOK
980 _aNB
980 _aRossica